000 00979cam a2200313 a 4500
999 _c714
_d714
001 12229591
003 GZU
005 20200911093650.0
008 001113r20001987nyu 000 1 eng
010 _a 00709686
020 _a0140283404
040 _aDLC
_cDLC
_dDLC
043 _an-us-oh
050 0 0 _aPS 3563
_bMOR 1988
082 0 0 _a813/.54
_221
100 1 _aMorrison, Toni.
245 1 0 _aBeloved /
_cToni Morrison.
260 _aNew York :
_bPenguin Books,
_c1988.
300 _a260 p. ;
_c22 cm.
440 0 _aPenguin great books of the 20th century
650 0 _aAfrican American women
_vFiction.
650 0 _aWomen slaves
_vFiction.
650 0 _aInfanticide
_vFiction.
651 0 _aOhio
_vFiction.
655 7 _aHistorical fiction.
_2gsafd
906 _a7
_bcbc
_corigcop
_d2
_encip
_f20
_gy-gencatlg
942 _2lcc
_cBK
_h3563
_iMOR
_kPS